<?xml version='1.0' encoding='UTF-8'?>
  <record xmlns="http://www.loc.gov/MARC21/slim">
    <leader>00000cam a2200000 a 4500</leader>
    <controlfield tag="001">ocm45951324</controlfield>
    <controlfield tag="003">OCoLC</controlfield>
    <controlfield tag="005">20241101233229.4</controlfield>
    <controlfield tag="008">010216s1719    ne abf        000 0 dut d</controlfield>
    <datafield tag="040" ind1=" " ind2=" ">
      <subfield code="a">VEM</subfield>
      <subfield code="b">eng</subfield>
      <subfield code="c">VEM</subfield>
      <subfield code="d">OCLCQ</subfield>
      <subfield code="d">OCLCO</subfield>
      <subfield code="d">OCLCF</subfield>
      <subfield code="d">OCL</subfield>
      <subfield code="d">OCLCO</subfield>
      <subfield code="d">OCLCQ</subfield>
      <subfield code="d">OCLCL</subfield>
      <subfield code="d">OCLCQ</subfield>
      <subfield code="d">OCLCO</subfield>
    </datafield>
    <datafield tag="035" ind1=" " ind2=" ">
      <subfield code="a">(OCoLC)45951324</subfield>
    </datafield>
    <datafield tag="043" ind1=" " ind2=" ">
      <subfield code="a">e-gx---</subfield>
      <subfield code="a">e-ne---</subfield>
    </datafield>
    <datafield tag="082" ind1="0" ind2="4">
      <subfield code="a">949.23</subfield>
      <subfield code="b">B83s, 1719, EC, Item2</subfield>
    </datafield>
    <datafield tag="100" ind1="1" ind2=" ">
      <subfield code="a">Leth, Andries de.</subfield>
    </datafield>
    <datafield tag="245" ind1="1" ind2="3">
      <subfield code="a">De zegepraalende Vecht :</subfield>
      <subfield code="b">vertoonende verscheidene gesichten van lustplaatsen, heeren huysen en dorpen, beginnende van Uitrecht en met Muyden besluytende.</subfield>
    </datafield>
    <datafield tag="260" ind1=" " ind2=" ">
      <subfield code="a">T'Amsteldam :</subfield>
      <subfield code="b">Wed :</subfield>
      <subfield code="b">Nicolaus Visscher,</subfield>
      <subfield code="c">1719.</subfield>
    </datafield>
    <datafield tag="300" ind1=" " ind2=" ">
      <subfield code="a">15, [1] pages, 98 double leaves of plates :</subfield>
      <subfield code="b">illustrations, maps ;</subfield>
      <subfield code="c">20 cm (8vo)</subfield>
    </datafield>
    <datafield tag="336" ind1=" " ind2=" ">
      <subfield code="a">text</subfield>
      <subfield code="b">txt</subfield>
      <subfield code="2">rdacontent</subfield>
    </datafield>
    <datafield tag="337" ind1=" " ind2=" ">
      <subfield code="a">unmediated</subfield>
      <subfield code="b">n</subfield>
      <subfield code="2">rdamedia</subfield>
    </datafield>
    <datafield tag="338" ind1=" " ind2=" ">
      <subfield code="a">volume</subfield>
      <subfield code="b">nc</subfield>
      <subfield code="2">rdacarrier</subfield>
    </datafield>
    <datafield tag="500" ind1=" " ind2=" ">
      <subfield code="a">Introduction signed by Andries de Leth.</subfield>
    </datafield>
    <datafield tag="500" ind1=" " ind2=" ">
      <subfield code="a">Signatures: A⁸.</subfield>
    </datafield>
    <datafield tag="501" ind1=" " ind2=" ">
      <subfield code="a">With: Speelreis langs de Vecht-stroom / Claas Bruin.</subfield>
    </datafield>
    <datafield tag="500" ind1=" " ind2=" ">
      <subfield code="a">Engravings by Daniël Stopendaal.--Van der Aa, Biographisch woordenboek der Nederlanden, VI:319.</subfield>
    </datafield>
    <datafield tag="500" ind1=" " ind2=" ">
      <subfield code="a">Plates consist of 1 fold. map of the Vecht River and 98 double-page prints depicting towns, houses and gardens along the Vecht. Plates precede t.p. and text.</subfield>
    </datafield>
    <datafield tag="651" ind1=" " ind2="0">
      <subfield code="a">Vechte River (Germany and Netherlands)</subfield>
      <subfield code="v">Pictorial works.</subfield>
    </datafield>
    <datafield tag="651" ind1=" " ind2="6">
      <subfield code="a">Vecht (Allemagne et Pays-Bas : Rivière)</subfield>
      <subfield code="v">Ouvrages illustrés.</subfield>
    </datafield>
    <datafield tag="651" ind1=" " ind2="7">
      <subfield code="a">Europe</subfield>
      <subfield code="z">Vechte River</subfield>
      <subfield code="2">fast</subfield>
    </datafield>
    <datafield tag="655" ind1=" " ind2="7">
      <subfield code="a">Illustrated works</subfield>
      <subfield code="2">fast</subfield>
    </datafield>
    <datafield tag="700" ind1="1" ind2=" ">
      <subfield code="a">Stopendaal, Daniël,</subfield>
      <subfield code="d">approximately 1650-</subfield>
    </datafield>
    <datafield tag="740" ind1="0" ind2=" ">
      <subfield code="a">Zegepralende Vecht.</subfield>
    </datafield>
    <datafield tag="758" ind1=" " ind2=" ">
      <subfield code="i">has work:</subfield>
      <subfield code="a">De Zegepraalende Vecht, Vertoonende verscheidene Gesichten van Lustplaatsen, Heeren Huysen en Dorpen; Beginnende van Uitrecht en met Muyden besluytende (Text)</subfield>
      <subfield code="1">https://id.oclc.org/worldcat/entity/E39PCGvd873M3BdphpbTGqmQYP</subfield>
      <subfield code="4">https://id.oclc.org/worldcat/ontology/hasWork</subfield>
    </datafield>
    <datafield tag="776" ind1="0" ind2="8">
      <subfield code="i">Online version:</subfield>
      <subfield code="a">Leth, Andries de.</subfield>
      <subfield code="t">Zegepraalende Vecht.</subfield>
      <subfield code="d">T'Amsteldam : Wed : Nicolaus Visscher, 1719</subfield>
      <subfield code="w">(OCoLC)1011600212</subfield>
    </datafield>
  </record>